Focus on creating MOD for quake III arena (Record no. 29290)
[ view plain ]
| 000 -LEADER | |
|---|---|
| fixed length control field | 01296nam a2200349 a 4500 |
| 082 04 - DEWEY DECIMAL CLASSIFICATION NUMBER | |
| Classification number | 794.8 |
| 100 1# - MAIN ENTRY--AUTHOR NAME | |
| Personal name | Holmes, Shawn. |
| 245 10 - TITLE STATEMENT | |
| Title | Focus on creating MOD for quake III arena |
| 260 ## - PUBLICATION, DISTRIBUTION, ETC. (IMPRINT) | |
| Place of publication | Cincinnati, Ohio : |
| Name of publisher | Premier Press, |
| Year of publication | c2002. |
| 300 ## - PHYSICAL DESCRIPTION | |
| Number of Pages | 283 p. |
| 490 1# - SERIES STATEMENT | |
| Series statement | Premier Press game development series |
| 500 ## - GENERAL NOTE | |
| General note | Includes index. |
| 650 #0 - SUBJECT ADDED ENTRY--TOPICAL TERM | |
| Topical Term | Computer games |
| Topical Term | Computer games |
| Topical Term | Computer graphics. |
| 856 40 - ELECTRONIC LOCATION AND ACCESS | |
| Uniform Resource Identifier | http://site.ebrary.com/lib/rucke/Doc?id=10069075 |
No items available.
